[Event "Polanica Zdroj op-A 42nd"]
[Site "Polanica Zdroj"]
[Date "2006.08.24"]
[Round "6"]
[White "Graf, Pawel"]
[Black "Muessig, Guido"]
[Result "1/2-1/2"]
[WhiteElo "2134"]
[BlackElo "2216"]
[PlyCount "43"]
[EventDate "2006.08.19"]
[EventType "swiss"]
[EventRounds "7"]
[EventCountry "POL"]
[SourceTitle "CBM 113 Extra"]
[Source "ChessBase"]
[SourceDate "2006.09.14"]
[SourceVersion "1"]
[SourceVersionDate "2006.09.14"]
[SourceQuality "1"]

1. e4 c5 2. Nf3 Nf6 3. Nc3 Nc6 4. d4 cxd4 5. Nxd4 Qc7 6. g3 Nxe4 7. Ncb5 Qa5+ 8. c3 a6 9. Nb3 Qd8 10. Qe2 d5 11. N5d4 Nxd4 12. Nxd4 e5 13. f3 exd4 14. fxe4 dxc3 15. exd5+ Be7 16. Bg2 0-0 17. 0-0 Qb6+ 18. Kh1 Bf6 19. bxc3 Bxc3 20. Be3 Qg6 21. Rac1 Bg4 22. Qf2 1/2-1/2

[Event "Muensterland Verbandsliga 0506"]
[Site "Germany"]
[Date "2006.02.18"]
[Round "7.2"]
[White "Storck, Martin"]
[Black "Muessig, Guido"]
[Result "1/2-1/2"]
[WhiteElo "2016"]
[BlackElo "2221"]
[PlyCount "57"]
[EventDate "2005.08.27"]
[EventType "team"]
[EventRounds "9"]
[EventCountry "GER"]
[SourceTitle "EXT 2006"]
[Source "ChessBase"]
[SourceDate "2005.11.24"]
[SourceVersion "1"]
[SourceVersionDate "2005.11.24"]
[SourceQuality "1"]
[WhiteTeam "Gronau"]
[BlackTeam "Telgte"]
[WhiteTeamCountry "GER"]
[BlackTeamCountry "GER"]

1. c4 e5 2. Nc3 Nc6 3. Nf3 d6 4. g3 g6 5. d4 Bd7 6. Bg2 Bg7 7. dxe5 dxe5 8. Bg5 Qc8 9. e4 Nf6 10. Qd2 0-0 11. 0-0-0 Bh3 12. Bxh3 Qxh3 13. Bxf6 Bxf6 14. Nd5 Bg7 15. Kb1 Rac8 16. Ng5 Qh6 17. h4 f6 18. Ne6 Qxd2 19. Rxd2 Rf7 20. h5 Na5 21. hxg6 hxg6 22. b3 c6 23. Ne3 b6 24. Rhd1 Re7 25. Rd8+ Rxd8 26. Rxd8+ Kf7 27. Nxg7 Kxg7 28. Rd6 c5 29. Nd5 1/2-1/2

[Event "Muensterland Verbandsliga 0506"]
[Site "Germany"]
[Date "2006.01.28"]
[Round "6.2"]
[White "Muessig, Guido"]
[Black "Schmeing, Walter"]
[Result "1/2-1/2"]
[WhiteElo "2221"]
[BlackElo "2036"]
[PlyCount "72"]
[EventDate "2005.08.27"]
[EventType "team"]
[EventRounds "9"]
[EventCountry "GER"]
[SourceTitle "EXT 2006"]
[Source "ChessBase"]
[SourceDate "2005.11.24"]
[SourceVersion "1"]
[SourceVersionDate "2005.11.24"]
[SourceQuality "1"]
[WhiteTeam "Telgte"]
[BlackTeam "Suedlohn"]
[WhiteTeamCountry "GER"]
[BlackTeamCountry "GER"]

1. d4 d5 2. Nf3 Nf6 3. c4 e6 4. g3 Be7 5. Bg2 0-0 6. 0-0 b6 7. Ne5 Bb7 8. Nc3 c5 9. dxc5 bxc5 10. Qb3 Qb6 11. Rd1 Rd8 12. Bf4 Nbd7 13. cxd5 Qxb3 14. axb3 Nxe5 15. Bxe5 Nxd5 16. Rac1 f6 17. Nxd5 Bxd5 18. Bxd5 exd5 19. Bc7 Rd7 20. Ba5 Rb8 21. Rd3 Rbb7 22. Rcd1 Rb5 23. Be1 d4 24. b4 cxb4 25. Rxd4 Rxd4 26. Rxd4 a5 27. b3 Rc5 28. Kf1 Kf7 29. e4 Rc1 30. Ke2 Rb1 31. Rd3 Ra1 32. Rd1 Ra2+ 33. Kd3 a4 34. bxa4 Rxa4 35. Rb1 Ra2 36. Kc4 Ke6 1/2-1/2

[Event "Muensterland Verbandsliga 0506"]
[Site "Germany"]
[Date "2005.12.03"]
[Round "5.2"]
[White "Ommen, Tobias"]
[Black "Muessig, Guido"]
[Result "0-1"]
[WhiteElo "1971"]
[BlackElo "2221"]
[PlyCount "82"]
[EventDate "2005.08.27"]
[EventType "team"]
[EventRounds "9"]
[EventCountry "GER"]
[SourceTitle "EXT 2006"]
[Source "ChessBase"]
[SourceDate "2005.11.24"]
[SourceVersion "1"]
[SourceVersionDate "2005.11.24"]
[SourceQuality "1"]
[WhiteTeam "Olfen"]
[BlackTeam "Telgte"]
[WhiteTeamCountry "GER"]
[BlackTeamCountry "GER"]

1. e4 c5 2. Nc3 e6 3. g3 Nc6 4. Bg2 g6 5. d3 Bg7 6. Be3 d6 7. Qd2 Nge7 8. Bh6 0-0 9. h4 Bxh6 10. Qxh6 Kh8 11. h5 Ng8 12. Qd2 Kg7 13. 0-0-0 Nd4 14. Nce2 e5 15. c3 Nxe2+ 16. Nxe2 Qa5 17. Kb1 Be6 18. Nc1 b5 19. Bh3 Rae8 20. f4 b4 21. cxb4 Qxb4 22. Qh2 h6 23. Bxe6 Rxe6 24. Qc2 Rf6 25. Ne2 Ne7 26. Rdf1 Rb8 27. g4 exf4 28. Nxf4 g5 29. Ng2 Rxf1+ 30. Rxf1 Qd4 31. Kc1 d5 32. Qf2 Qxf2 33. Rxf2 d4 34. Ne1 f6 35. b3 Nc6 36. Nf3 a5 37. Kb2 a4 38. Rf1 Nb4 39. Rd1 axb3 40. axb3 Ra8 41. Kb1 Ra3 0-1

[Event "Muensterland-ch"]
[Site "Emsdetten"]
[Date "2005.03.15"]
[Round "4"]
[White "Muessig, Guido"]
[Black "Hegemann, Eike"]
[Result "1/2-1/2"]
[WhiteElo "2126"]
[BlackElo "1994"]
[PlyCount "46"]
[EventDate "2005.03.06"]
[EventType "tourn"]
[EventRounds "7"]
[EventCountry "GER"]
[SourceTitle "CBM 105 Extra"]
[Source "ChessBase"]
[SourceDate "2005.05.01"]
[SourceVersion "1"]
[SourceVersionDate "2005.05.01"]
[SourceQuality "1"]

1. d4 d5 2. Nf3 Nf6 3. c4 e6 4. Nc3 c6 5. e3 Bd6 6. Qc2 Nbd7 7. Be2 0-0 8. 0-0 b6 9. Rd1 Bb7 10. b3 Qe7 11. Bb2 Rac8 12. e4 dxe4 13. Nxe4 Nxe4 14. Qxe4 Nf6 15. Qh4 Rfd8 16. Ne5 c5 17. Bd3 h6 18. h3 Qc7 19. Ng4 Nxg4 20. Qxg4 cxd4 21. Bxd4 Be5 22. Bxe5 Qxe5 23. Bf1 Qe4 1/2-1/2

[Event "Muensterland-ch"]
[Site "Emsdetten"]
[Date "2005.03.07"]
[Round "2"]
[White "Muessig, Guido"]
[Black "Rapatinski, Konstantin"]
[Result "0-1"]
[WhiteElo "2126"]
[BlackElo "2167"]
[PlyCount "72"]
[EventDate "2005.03.06"]
[EventType "tourn"]
[EventRounds "7"]
[EventCountry "GER"]
[SourceTitle "CBM 105 Extra"]
[Source "ChessBase"]
[SourceDate "2005.05.01"]
[SourceVersion "1"]
[SourceVersionDate "2005.05.01"]
[SourceQuality "1"]

1. d4 Nf6 2. c4 e6 3. g3 d5 4. Nf3 Bb4+ 5. Bd2 Be7 6. Qc2 0-0 7. Bg2 c6 8. 0-0 Nbd7 9. Bf4 Nh5 10. Nbd2 Nxf4 11. gxf4 f5 12. e3 Bd6 13. Rab1 Nf6 14. b4 Bd7 15. Ne5 Be8 16. a4 a6 17. cxd5 cxd5 18. Rfc1 Bh5 19. f3 Rc8 20. Qb3 Qe7 21. b5 a5 22. Nd3 Nd7 23. b6 Nb8 24. Qd1 Qd7 25. Bf1 Na6 26. Ne5 Bxe5 27. fxe5 Nb4 28. Rc5 Rxc5 29. dxc5 Qe7 30. Rc1 Qg5+ 31. Kf2 f4 32. Qb3 Qxe5 33. h3 fxe3+ 34. Qxe3 Qb2 35. Qc3 Rxf3+ 36. Qxf3 Bxf3 0-1

[Event "Muensterland-ch"]
[Site "Emsdetten"]
[Date "2005.03.06"]
[Round "1"]
[White "Muessig, Guido"]
[Black "Wolter, Kai"]
[Result "0-1"]
[WhiteElo "2126"]
[BlackElo "2226"]
[PlyCount "134"]
[EventDate "2005.03.06"]
[EventType "tourn"]
[EventRounds "7"]
[EventCountry "GER"]
[SourceTitle "CBM 105 Extra"]
[Source "ChessBase"]
[SourceDate "2005.05.01"]
[SourceVersion "1"]
[SourceVersionDate "2005.05.01"]
[SourceQuality "1"]

1. d4 g6 2. c4 Bg7 3. e4 d6 4. Ne2 Nf6 5. Nbc3 0-0 6. f3 Nbd7 7. Bg5 a6 8. Qd2 c5 9. d5 Qa5 10. Ng3 Rb8 11. a4 Re8 12. Be2 h5 13. 0-0 Nh7 14. Be3 Ne5 15. h3 Qb4 16. Nd1 Qxd2 17. Bxd2 h4 18. Nh1 g5 19. Nhf2 Ng6 20. Re1 Bd4 21. Ra2 f6 22. b4 cxb4 23. Bxb4 Nhf8 24. Rd2 Ba7 25. Kh2 Nd7 26. Nd3 Nde5 27. N1b2 Be3 28. Rc2 b6 29. Bf1 Bd4 30. a5 bxa5 31. Bxa5 Rb3 32. Rec1 f5 33. Bc3 Bxc3 34. Rxc3 Rxc3 35. Rxc3 fxe4 36. fxe4 g4 37. hxg4 Nxg4+ 38. Kg1 Nf6 39. Nf2 Ne5 40. c5 dxc5 41. Rxc5 Bd7 42. Nbd3 Nxd3 43. Bxd3 Rc8 44. Rxc8+ Bxc8 45. Bc4 Kf8 46. Kf1 a5 47. Ke2 e5 48. Kd3 Ke7 49. Nd1 Kd6 50. Nc3 Nh5 51. Ke3 Nf4 52. Kf3 Kc5 53. Ba2 Kb4 54. Ne2 Nxe2 55. Kxe2 a4 56. Kd2 Ka3 57. Bc4 Kb2 58. d6 a3 59. Kd3 Bd7 60. Bd5 Bb5+ 61. Kd2 a2 62. Bxa2 Kxa2 63. Kc3 Ka3 64. d7 Bxd7 65. Kc4 Bc6 66. Kc5 Bxe4 67. Kd6 Bxg2 0-1

[Event "Muensterland Verbandsklasse-B 0405"]
[Site "Muensterland"]
[Date "2005.01.22"]
[Round "5.2"]
[White "Pollok, Ralf"]
[Black "Muessig, Guido"]
[Result "0-1"]
[WhiteElo "1968"]
[BlackElo "2141"]
[PlyCount "70"]
[EventDate "2004.09.11"]
[EventType "team"]
[EventRounds "9"]
[EventCountry "GER"]
[SourceTitle "EXT 2006"]
[Source "ChessBase"]
[SourceDate "2005.11.24"]
[SourceVersion "1"]
[SourceVersionDate "2005.11.24"]
[SourceQuality "1"]
[WhiteTeam "Raesfeld Erle"]
[BlackTeam "Telgte"]
[WhiteTeamCountry "GER"]
[BlackTeamCountry "GER"]

1. d4 Nf6 2. c4 g6 3. Nc3 Bg7 4. e4 d6 5. Nf3 0-0 6. Be2 e5 7. 0-0 Nc6 8. d5 Ne7 9. Nd2 Ne8 10. b4 f5 11. c5 Kh8 12. a4 Ng8 13. a5 Ngf6 14. Ba3 Bh6 15. exf5 gxf5 16. Nc4 Rg8 17. b5 Qe7 18. b6 Qg7 19. g3 f4 20. Re1 fxg3 21. fxg3 Bf4 22. Kh1 Bxg3 23. Rg1 Qh6 24. Rg2 Ng4 25. Qg1 Bf4 26. Bxg4 Bxg4 27. Qf2 axb6 28. Rag1 Nf6 29. cxd6 b5 30. Nxb5 Ne4 31. Qf1 cxd6 32. Nbxd6 Nxd6 33. Nxd6 Rg7 34. Qf2 Qh5 35. Nf7+ Kg8 0-1

[Event "NRW-ch"]
[Site "NRW"]
[Date "2004.10.22"]
[Round "7"]
[White "Muessig, Guido"]
[Black "Kilian, Ralf"]
[Result "1-0"]
[WhiteElo "2143"]
[BlackElo "2231"]
[PlyCount "61"]
[EventDate "2004.10.??"]
[EventType "tourn"]
[EventRounds "7"]
[EventCountry "GER"]
[SourceTitle "EXT 2006"]
[Source "ChessBase"]
[SourceDate "2005.11.24"]
[SourceVersion "1"]
[SourceVersionDate "2005.11.24"]
[SourceQuality "1"]

1. d4 d5 2. Nf3 Nf6 3. c4 e6 4. Nc3 c5 5. cxd5 exd5 6. g3 Nc6 7. Bg2 Be7 8. 0-0 0-0 9. Bg5 c4 10. Ne5 Be6 11. e3 Nd7 12. Bxe7 Nxe7 13. Qd2 f6 14. Nxd7 Qxd7 15. f3 Rfd8 16. Rad1 b5 17. e4 b4 18. Ne2 a5 19. Nf4 Rac8 20. Qc2 Ng6 21. Nxe6 Qxe6 22. f4 Ne7 23. Rfe1 Qb6 24. Bh3 b3 25. axb3 cxb3 26. Qd3 dxe4 27. Qxe4 Rc7 28. Be6+ Kh8 29. Kh1 f5 30. Bxf5 Nxf5 31. Qe8+ 1-0

[Event "NRW-ch"]
[Site "NRW"]
[Date "2004.10.20"]
[Round "5"]
[White "Muessig, Guido"]
[Black "Wieferig, Wolfgang"]
[Result "1-0"]
[WhiteElo "2143"]
[BlackElo "2244"]
[PlyCount "87"]
[EventDate "2004.10.??"]
[EventType "tourn"]
[EventRounds "7"]
[EventCountry "GER"]
[SourceTitle "EXT 2006"]
[Source "ChessBase"]
[SourceDate "2005.11.24"]
[SourceVersion "1"]
[SourceVersionDate "2005.11.24"]
[SourceQuality "1"]

1. d4 Nf6 2. c4 e5 3. dxe5 Ng4 4. Bf4 Nc6 5. Nf3 Bb4+ 6. Nbd2 Qe7 7. a3 Ngxe5 8. Nxe5 Nxe5 9. e3 Bxd2+ 10. Qxd2 d6 11. Be2 0-0 12. 0-0 b6 13. Bg3 Ba6 14. Rac1 f5 15. Rfd1 Rae8 16. c5 Bxe2 17. cxd6 cxd6 18. Qxe2 g5 19. Qd2 Rf6 20. Qd5+ Kh8 21. h3 h5 22. Rd4 h4 23. Bh2 f4 24. exf4 Ng6 25. Rf1 gxf4 26. Qg5 Qf7 27. Qh5+ Kg7 28. Kh1 f3 29. gxf3 Ree6 30. Rg1 Rxf3 31. Rxh4 Kf8 32. Rhg4 Qb7 33. R1g2 Rff6 34. Bg1 Qf3 35. Kh2 Ke7 36. R2g3 Qe2 37. Qh6 Ne5 38. Rg7+ Nf7 39. Qc1 Kd7 40. Rg8 Nd8 41. R3g7+ Re7 42. Qg5 Qxb2 43. Qg4+ Ne6 44. Qa4+ 1-0

[Event "NRW-ch"]
[Site "NRW"]
[Date "2004.10.19"]
[Round "4"]
[White "Schuh, Dirk"]
[Black "Muessig, Guido"]
[Result "1-0"]
[WhiteElo "2180"]
[BlackElo "2143"]
[PlyCount "43"]
[EventDate "2004.10.??"]
[EventType "tourn"]
[EventRounds "7"]
[EventCountry "GER"]
[SourceTitle "EXT 2006"]
[Source "ChessBase"]
[SourceDate "2005.11.24"]
[SourceVersion "1"]
[SourceVersionDate "2005.11.24"]
[SourceQuality "1"]

1. e4 c5 2. c3 Nf6 3. e5 Nd5 4. d4 cxd4 5. Nf3 Nc6 6. cxd4 d6 7. Bc4 Nb6 8. Bb3 dxe5 9. d5 Nd4 10. Nxd4 exd4 11. Qxd4 e6 12. Nc3 exd5 13. 0-0 Be6 14. Bf4 Qd7 15. a4 Bd6 16. a5 Bxf4 17. axb6 Qd6 18. Nb5 Bxh2+ 19. Kh1 Qe5 20. Nc7+ Kf8 21. Qxe5 Bxe5 22. Nxa8 1-0

[Event "Muensterland Verbandsklasse-B 0405"]
[Site "Muensterland"]
[Date "2004.09.11"]
[Round "1.2"]
[White "Lodde, Martin"]
[Black "Muessig, Guido"]
[Result "0-1"]
[WhiteElo "1918"]
[BlackElo "2141"]
[PlyCount "74"]
[EventDate "2004.09.11"]
[EventType "team"]
[EventRounds "9"]
[EventCountry "GER"]
[SourceTitle "EXT 2006"]
[Source "ChessBase"]
[SourceDate "2005.11.24"]
[SourceVersion "1"]
[SourceVersionDate "2005.11.24"]
[SourceQuality "1"]
[WhiteTeam "Westbevern II"]
[BlackTeam "Telgte"]
[WhiteTeamCountry "GER"]
[BlackTeamCountry "GER"]

1. Nf3 c5 2. c4 Nc6 3. g3 e5 4. Nc3 g6 5. Bg2 Bg7 6. d3 Nge7 7. e4 d6 8. Be3 a6 9. Qd2 Rb8 10. a4 Na5 11. Ra3 0-0 12. Bg5 f6 13. Bh6 Be6 14. Bxg7 Kxg7 15. Nd5 Nac6 16. h4 h6 17. a5 Bxd5 18. cxd5 Nb4 19. d4 Nc8 20. g4 Na7 21. g5 Nb5 22. gxh6+ Kh8 23. dxc5 dxc5 24. Rh3 Nd6 25. Qe2 c4 26. Rg3 Nd3+ 27. Rxd3 cxd3 28. Qxd3 Qxa5+ 29. Kf1 Qa1+ 30. Ne1 Kh7 31. h5 g5 32. f4 Rbc8 33. Qa3 Qxa3 34. bxa3 exf4 35. Rb3 g4 36. Rb6 Rfd8 37. e5 fxe5 0-1

[Event "Muensterland-ch"]
[Site "Metelen"]
[Date "2004.04.10"]
[Round "3"]
[White "Hokamp, Sascha"]
[Black "Muessig, Guido"]
[Result "1/2-1/2"]
[WhiteElo "1924"]
[BlackElo "2171"]
[PlyCount "49"]
[EventDate "2004.04.??"]
[EventType "tourn"]
[EventRounds "7"]
[EventCountry "GER"]
[SourceTitle "EXT 2005"]
[Source "ChessBase"]
[SourceDate "2004.11.15"]
[SourceVersion "1"]
[SourceVersionDate "2004.11.15"]
[SourceQuality "1"]

1. Nf3 c5 2. c4 g6 3. Nc3 Bg7 4. g3 Nc6 5. Bg2 e6 6. e4 Nge7 7. 0-0 0-0 8. d3 d5 9. cxd5 exd5 10. Bf4 dxe4 11. dxe4 Qb6 12. Qc1 Nd4 13. Kh1 Bd7 14. Ne5 Bb5 15. Nxb5 Qxb5 16. Qc4 Qxc4 17. Nxc4 b5 18. Bd6 Rfe8 19. Ne3 Rac8 20. f4 c4 21. Rf2 Rc6 22. e5 Ra6 23. Bb7 Rb6 24. Be4 Ra6 25. Bb7 1/2-1/2

[Event "Muensterland Verbandsliga 0304"]
[Site "Germany"]
[Date "2004.01.10"]
[Round "5.1"]
[White "Muessig, Guido"]
[Black "Doennebrink, Elmar"]
[Result "1-0"]
[WhiteElo "2212"]
[BlackElo "2160"]
[PlyCount "79"]
[EventDate "2003.09.27"]
[EventType "team"]
[EventRounds "9"]
[EventCountry "GER"]
[SourceTitle "EXT 2005"]
[Source "ChessBase"]
[SourceDate "2004.11.15"]
[SourceVersion "1"]
[SourceVersionDate "2004.11.15"]
[SourceQuality "1"]
[WhiteTeam "Telgte"]
[BlackTeam "Suedlohn"]
[WhiteTeamCountry "GER"]
[BlackTeamCountry "GER"]

1. d4 Nf6 2. c4 g6 3. Nc3 Bg7 4. e4 d6 5. f3 0-0 6. Bg5 h6 7. Be3 e5 8. d5 c6 9. Qd2 cxd5 10. cxd5 Kh7 11. Bd3 Nbd7 12. Nge2 a6 13. 0-0 Ng8 14. Rac1 Ne7 15. b4 f5 16. a4 f4 17. Bf2 g5 18. a5 Nf6 19. Na4 g4 20. Nb6 gxf3 21. gxf3 Bh3 22. Nxa8 Qxa8 23. Rfd1 Qe8 24. Kh1 Qg6 25. Rg1 Qh5 26. Rxg7+ Kxg7 27. Ng1 Ne8 28. b5 Rf6 29. bxa6 Rg6 30. Bf1 Bxf1 31. Rxf1 bxa6 32. Rb1 Qg5 33. Bb6 Nf6 34. Bd8 Kf7 35. Qf2 Ke8 36. Bxe7 Kxe7 37. Rb6 Nh5 38. Rxa6 Ng3+ 39. hxg3 fxg3 40. Qa7+ 1-0

[Event "Muensterland Verbandsliga 0304"]
[Site "Germany"]
[Date "2003.11.08"]
[Round "3.1"]
[White "Muessig, Guido"]
[Black "Engels, Natia"]
[Result "0-1"]
[WhiteElo "2212"]
[BlackElo "2160"]
[PlyCount "100"]
[EventDate "2003.09.27"]
[EventType "team"]
[EventRounds "9"]
[EventCountry "GER"]
[SourceTitle "EXT 2005"]
[Source "ChessBase"]
[SourceDate "2004.11.15"]
[SourceVersion "1"]
[SourceVersionDate "2004.11.15"]
[SourceQuality "1"]
[WhiteTeam "Telgte"]
[BlackTeam "Muenster II"]
[WhiteTeamCountry "GER"]
[BlackTeamCountry "GER"]

1. d4 Nf6 2. c4 c5 3. d5 e6 4. Nc3 exd5 5. cxd5 d6 6. e4 g6 7. f3 Bg7 8. Bg5 a6 9. a4 h6 10. Be3 0-0 11. Qd2 Kh7 12. Nge2 Nbd7 13. Ng3 Qa5 14. Be2 b5 15. 0-0 b4 16. Nd1 Re8 17. Bf4 Ne5 18. Ne3 Nfd7 19. Nh1 Qc7 20. Bg3 c4 21. f4 Nd3 22. Nxc4 Qxc4 23. Bxd3 Qd4+ 24. Nf2 Nc5 25. f5 Nb3 26. fxg6+ fxg6 27. Qc2 Nxa1 28. Rxa1 Qxb2 29. Qxb2 Bxb2 30. Rb1 Bc3 31. Bxd6 a5 32. Bb5 Rg8 33. g4 h5 34. h3 Bd4 35. Kg2 Ba6 36. Bc6 Raf8 37. Bxf8 Rxf8 38. Nh1 Bd3 39. Re1 b3 40. Bb5 Bc2 41. Bc4 b2 42. Ba2 Bc3 43. Rg1 Bxe4+ 44. Kg3 Rf3+ 45. Kg2 Bd4 46. Re1 Re3+ 47. Kf1 Bd3+ 48. Kf2 Re2+ 49. Kf1 Rf2+ 50. Kg1 Rf1+ 0-1

[Event "Muensterland Verbandsliga 0304"]
[Site "Germany"]
[Date "2003.10.11"]
[Round "2.1"]
[White "Fuest, Martin"]
[Black "Muessig, Guido"]
[Result "1/2-1/2"]
[WhiteElo "2230"]
[BlackElo "2212"]
[PlyCount "67"]
[EventDate "2003.09.27"]
[EventType "team"]
[EventRounds "9"]
[EventCountry "GER"]
[SourceTitle "EXT 2005"]
[Source "ChessBase"]
[SourceDate "2004.11.15"]
[SourceVersion "1"]
[SourceVersionDate "2004.11.15"]
[SourceQuality "1"]
[WhiteTeam "Bocholt"]
[BlackTeam "Telgte"]
[WhiteTeamCountry "GER"]
[BlackTeamCountry "GER"]

1. d4 Nf6 2. Nf3 c5 3. c3 b6 4. g3 Bb7 5. dxc5 bxc5 6. Qb3 Qc8 7. Bg2 e6 8. 0-0 Be7 9. c4 0-0 10. Nc3 Ne4 11. Ng5 Nd6 12. Bxb7 Qxb7 13. Qxb7 Nxb7 14. Rd1 d6 15. Nge4 Nc6 16. Bg5 Bxg5 17. Nxg5 Rfd8 18. Rd2 Rd7 19. Rad1 Rad8 20. f4 h6 21. Nf3 Kf8 22. Kf2 Ke7 23. e4 a6 24. Ke3 Nba5 25. b3 Nb7 26. e5 Nb4 27. exd6+ Nxd6 28. g4 f6 29. Ne1 h5 30. h3 hxg4 31. hxg4 Nc6 32. Nd3 Nb7 33. Ne4 Rh8 34. Ndf2 1/2-1/2

[Event "Sportland NRW-Cup"]
[Site "Senden"]
[Date "1999.??.??"]
[Round "2"]
[White "Goihl, Mona"]
[Black "Muessig, Guido"]
[Result "0-1"]
[WhiteElo "1900"]
[BlackElo "2170"]
[PlyCount "120"]
[EventDate "1999.10.??"]
[EventType "swiss"]
[EventRounds "9"]
[EventCountry "GER"]
[SourceTitle "EXT 2000"]
[Source "ChessBase"]
[SourceDate "1999.11.16"]
[SourceVersion "1"]
[SourceVersionDate "1999.11.16"]
[SourceQuality "1"]

1. e4 c5 2. Nf3 Nc6 3. c3 d5 4. exd5 Qxd5 5. d4 e6 6. Na3 Nf6 7. Nb5 Qd8 8. dxc5 Bxc5 9. Qxd8+ Kxd8 10. Bf4 Nd5 11. Bg3 a6 12. Nbd4 Nxd4 13. Nxd4 Ke7 14. 0-0-0 Rd8 15. Be2 Bd7 16. Rhe1 Ba4 17. Nc2 Rac8 18. Bh4+ Nf6 19. Rxd8 Rxd8 20. Bf3 Rd7 21. b3 Bc6 22. Bxc6 bxc6 23. Re5 Rd5 24. Re2 g5 25. Bg3 Nh5 26. Bb8 Rd8 27. Bc7 Rd7 28. Bb8 Rb7 29. Be5 f6 30. Bd4 Bd6 31. g3 Ng7 32. Ne3 c5 33. Nd5+ Kf7 34. Nxf6 cxd4 35. Ne4 Be7 36. cxd4 Nf5 37. Rd2 Rb4 38. Nc5 a5 39. Nd3 Rxd4 40. g4 Bd6 41. gxf5 exf5 42. f3 Bxh2 43. Rxh2 Rxd3 44. Rxh7+ Kg6 45. Rh3 f4 46. Kc2 Re3 47. Kd1 g4 48. Rh4 gxf3 49. Rxf4 Kg5 50. Rf8 Kg4 51. Rg8+ Kh3 52. Kd2 Re2+ 53. Kd3 Rxa2 54. Ke3 f2 55. Rf8 Kg2 56. Rg8+ Kf1 57. Rd8 Rb2 58. Rc8 Rxb3+ 59. Kf4 Ke2 60. Rc2+ Ke1 0-1

[Event "Sportland NRW-Cup"]
[Site "Senden"]
[Date "1999.??.??"]
[Round "8"]
[White "Jugelt, Tobias"]
[Black "Muessig, Guido"]
[Result "1-0"]
[WhiteElo "2400"]
[BlackElo "2170"]
[PlyCount "103"]
[EventDate "1999.10.??"]
[EventType "swiss"]
[EventRounds "9"]
[EventCountry "GER"]
[SourceTitle "EXT 2000"]
[Source "ChessBase"]
[SourceDate "1999.11.16"]
[SourceVersion "1"]
[SourceVersionDate "1999.11.16"]
[SourceQuality "1"]

1. e4 e6 2. d4 d5 3. exd5 exd5 4. Qf3 Nc6 5. c3 Be6 6. Bd3 Qd7 7. h3 Nge7 8. Ne2 Bf5 9. Ng3 Bxd3 10. Qxd3 0-0-0 11. 0-0 h5 12. Re1 h4 13. Nf1 Qf5 14. Qxf5+ Nxf5 15. Nbd2 Bd6 16. Nf3 f6 17. Ne3 Nce7 18. Ng4 Ng6 19. Kf1 Rhe8 20. Rxe8 Rxe8 21. b3 b6 22. a4 c5 23. Ne3 Nxe3+ 24. Bxe3 Kb7 25. Rd1 Kc6 26. Rc1 Re4 27. c4 a6 28. a5 dxc4 29. Rxc4 bxa5 30. Nd2 Re6 31. dxc5 Bf8 32. Nf3 Re8 33. Ra4 Ne5 34. Rxa5 Nxf3 35. Rxa6+ Kd5 36. gxf3 Rb8 37. Rb6 Rxb6 38. cxb6 Bd6 39. Ke2 Bb8 40. f4 Ke4 41. f3+ Kd5 42. Kd3 Bd6 43. Kc3 Kc6 44. Kc4 Bf8 45. b4 Bd6 46. b5+ Kd7 47. Kd5 Bb8 48. f5 Be5 49. Bc5 Bf4 50. b7 Kc7 51. Bd6+ Bxd6 52. b8Q+ 1-0

[Event "Sportland NRW-Cup"]
[Site "Senden"]
[Date "1999.??.??"]
[Round "7"]
[White "Muessig, Guido"]
[Black "Espig, Lutz"]
[Result "1/2-1/2"]
[WhiteElo "2170"]
[BlackElo "2420"]
[PlyCount "91"]
[EventDate "1999.10.??"]
[EventType "swiss"]
[EventRounds "9"]
[EventCountry "GER"]
[SourceTitle "EXT 2000"]
[Source "ChessBase"]
[SourceDate "1999.11.16"]
[SourceVersion "1"]
[SourceVersionDate "1999.11.16"]
[SourceQuality "1"]

1. d4 Nf6 2. c4 d6 3. Nc3 Nbd7 4. e4 e5 5. d5 Be7 6. Be3 0-0 7. f3 Ne8 8. Qd2 g6 9. 0-0-0 f5 10. exf5 gxf5 11. Bd3 Ng7 12. Nge2 Nf6 13. Rdg1 c6 14. Bh6 cxd5 15. cxd5 Rf7 16. h3 Kh8 17. g4 Ng8 18. Be3 Bh4 19. Rg2 Bd7 20. f4 Ne7 21. fxe5 dxe5 22. gxf5 Ngxf5 23. Bg5 Bxg5 24. Rxg5 Qb6 25. Re1 Raf8 26. Ng1 Ng6 27. Rh5 Nf4 28. Rg5 Ng6 29. Be4 Nfh4 30. Qe3 Qxe3+ 31. Rxe3 Rf1+ 32. Kd2 Bf5 33. Bxf5 Nxf5 34. Rf3 Rxf3 35. Nxf3 Nd6 36. Ke2 b5 37. Nd2 Rf4 38. a3 Rh4 39. Nf3 Rxh3 40. Nxe5 Rh2+ 41. Kd3 Kg7 42. Nxg6 hxg6 43. Re5 Rxb2 44. Re7+ Kh6 45. Rxa7 b4 46. axb4 1/2-1/2

[Event "NRW-ch U17"]
[Site "Hiddenhausen"]
[Date "1996.??.??"]
[Round "?"]
[White "Muessig, Guido"]
[Black "Schaper, Bjoern"]
[Result "0-1"]
[WhiteElo "1940"]
[BlackElo "1850"]
[PlyCount "72"]
[EventDate "1996.??.??"]
[EventType "swiss"]
[EventRounds "7"]
[EventCountry "GER"]
[SourceTitle "EXT 2001"]
[Source "ChessBase"]
[SourceDate "2000.11.22"]
[SourceVersion "1"]
[SourceVersionDate "2000.11.22"]
[SourceQuality "1"]

1. d4 d5 2. c4 c6 3. Nc3 Nf6 4. Nf3 e6 5. Bg5 Be7 6. e3 Nbd7 7. Qc2 0-0 8. Bd3 h6 9. Bh4 Re8 10. 0-0 b6 11. cxd5 exd5 12. Ne5 Nxe5 13. dxe5 Nd7 14. Bg3 Nc5 15. Be2 Bh4 16. Bxh4 Qxh4 17. f4 Bd7 18. Rad1 Kh8 19. b4 Ne6 20. b5 Rac8 21. Qf5 cxb5 22. Nxd5 Nd4 23. Qxd7 Nxe2+ 24. Kh1 Ng3+ 25. Kg1 Nxf1 26. Rxf1 Qh5 27. e4 Rf8 28. e6 fxe6 29. Qxe6 Rc2 30. Ne7 Rd8 31. h3 Qe2 32. Qg4 Rdd2 33. Ng6+ Kh7 34. Nf8+ Kg8 35. Qe6+ Kxf8 36. Qf5+ Kg8 0-1

[Event "NRW-ch U17"]
[Site "Hiddenhausen"]
[Date "1996.??.??"]
[Round "?"]
[White "Muessig, Guido"]
[Black "Waltermann, Jens"]
[Result "1-0"]
[WhiteElo "1940"]
[BlackElo "1730"]
[PlyCount "69"]
[EventDate "1996.??.??"]
[EventType "swiss"]
[EventRounds "7"]
[EventCountry "GER"]
[SourceTitle "EXT 2001"]
[Source "ChessBase"]
[SourceDate "2000.11.22"]
[SourceVersion "1"]
[SourceVersionDate "2000.11.22"]
[SourceQuality "1"]

1. d4 Nf6 2. c4 g6 3. Nc3 d6 4. e4 Bg7 5. f3 e5 6. d5 Nh5 7. Be3 f5 8. exf5 gxf5 9. Qd2 f4 10. Bf2 Bf5 11. 0-0-0 Nd7 12. g4 fxg3 13. hxg3 Bg6 14. Nh3 0-0 15. Be2 Qe7 16. Rdg1 Nc5 17. Be3 e4 18. f4 Nd3+ 19. Bxd3 exd3 20. g4 Nf6 21. f5 Nxg4 22. Rxg4 Bxf5 23. Rg3 Qh4 24. Rhg1 Bg6 25. Nf4 Rxf4 26. Bxf4 Rf8 27. Rg4 Qh3 28. Nd1 Qf3 29. Bh6 Re8 30. Rxg6 hxg6 31. Bxg7 Re2 32. Qh6 d2+ 33. Kb1 Qd3+ 34. Ka1 Re8 35. Bf6 1-0